书目信息 |
| 题名: |
石油天然气司钻作业操作资格培训教材
|
|
| 作者: | ;国家安监局 编 | |
| 分册: | ||
| 出版信息: | 北京 团结出版社 2011 |
|
| 页数: | 170页 | |
| 开本: | 21cm | |
| 丛书名: | ||
| 单 册: | ||
| 中图分类: | X928.04 , X928 | |
| 科图分类: | ||
| 主题词: | 事故--自救互救--基本知识 | |
| 电子资源: | ||
| ISBN: | 978-7-5126-0266-3 | |
| 000 | 00877nam0 2200229 450 | |
| 001 | 2356213763 | |
| 005 | 20231217153827.60 | |
| 010 | @a978-7-5126-0266-3@dCNY 28.00 | |
| 100 | @a20150918e2011 em y0chiy0120 ea | |
| 101 | 0 | @achi |
| 102 | @aCN@b110000 | |
| 105 | @aa z 000yy | |
| 200 | 1 | @a石油天然气司钻作业操作资格培训教材@AShi You Tian Ran Qi Si Zuan Zuo Ye Cao Zuo Zi Ge Pei Xun Jiao Cai@b专著@f国家安全生产监督管理总局宣传教育中心编 |
| 210 | @a北京@c团结出版社@d2011 | |
| 215 | @a170页@c图@d21cm | |
| 330 | @a本书共分七章,主要包括事故现场急救的原则和步骤、现场急救基础知识、紧急心肺复苏、止血、伤口包扎与骨折固定、伤员转运、常见伤害事故自救与互救等内容。 | |
| 606 | 0 | @a事故@x自救互救@x基本知识 |
| 690 | @aX928.04@v5 | |
| 690 | @aX928@v4 | |
| 711 | 02 | @a国家安监局@Aguo jia an jian ju@b宣传教育中心@4编 |
| 801 | 2 | @aCN@b辽宁北配@c20231205 |
| 905 | @aBZT@dX928@e9 | |
| 石油天然气司钻作业操作资格培训教材/国家安全生产监督管理总局宣传教育中心编.-北京:团结出版社,2011 |
| 170页:图;21cm |
| ISBN 978-7-5126-0266-3:CNY 28.00 |
| 本书共分七章,主要包括事故现场急救的原则和步骤、现场急救基础知识、紧急心肺复苏、止血、伤口包扎与骨折固定、伤员转运、常见伤害事故自救与互救等内容。 |
| ● |
| 相关链接 |
|
|
|
正题名:石油天然气司钻作业操作资格培训教材
索取号:X928/9
 
预约/预借
| 序号 | 登录号 | 条形码 | 馆藏地/架位号 | 状态 | 备注 |
| 1 | 2001627926 | 2001627926 | 辽三/辽宁北配(第三批)/2697/ [索取号:X928/9] | 在馆 | |
| 2 | 2001627927 | 2001627927 | 辽三/辽宁北配(第三批)/2697/ [索取号:X928/9] | 在馆 | |
| 3 | 2001627928 | 2001627928 | 辽三/辽宁北配(第三批)/2697/ [索取号:X928/9] | 在馆 | |
| 4 | 2001627929 | 2001627929 | 辽三/辽宁北配(第三批)/2697/ [索取号:X928/9] | 在馆 | |
| 5 | 2001627930 | 2001627930 | 辽三/辽宁北配(第三批)/2697/ [索取号:X928/9] | 在馆 |